| 000 | 02342nam0a2200397 4500 | ||
|---|---|---|---|
| 001 | RU\NLR\BIBL_A\022556760 | ||
| 005 | 20260420045331.0 | ||
| 010 |
_a978-5-6053050-7-1 _9500 |
||
| 021 |
_aRU _bКН-П-25-022210 _9КН-П-25-2247 |
||
| 035 | _a(NLR Aleph) 022556760 | ||
| 090 |
_a13674199 _c13674199 |
||
| 100 | _a20250603d2025 u y0rusy50 ca | ||
| 101 | 1 |
_arus _cbak |
|
| 102 | _aRU | ||
| 105 | _ay|||z|||000ay | ||
| 181 | 0 |
_ai4 _baxxe |
|
| 182 | 0 | _an | |
| 200 | 1 |
_aКостры на берегу _eрассказы _fТансулпан Гарипова _gперевод с башкирского Алика Шакирова _g[Фонд грантов Главы Республики Башкортостан, Союз писателей Республики Башкортостан] |
|
| 203 |
_aТекст _bвизуальный _cнепосредственный |
||
| 210 |
_aУфа _cИНЕШ _d2025 |
||
| 215 |
_a258, [1] с. _d22 |
||
| 225 | 1 | _aЛитературно-просветительский проект по переводу произведений писателей Башкортостана "Соседи по огню" | |
| 225 | 1 | _aКонкурсный проект переводов Соседи по огню | |
| 225 | 1 | _aСоседи по огню | |
| 300 | _aНа 4-й с. обл. авт.: Гарипова Т. Х., прозаик, драматург, нар. писатель Респ. Башкортостан, заслуж. работник культуры Башкортостана | ||
| 320 | _aДр. произведения авт. на 4-й с. обл. | ||
| 327 | 0 | _aСодерж.: Кадрия; В сумерках; Полевая вишня; Лунная ночь; О чём голуби поют; Герань душистая; Полный луг одуванчиков; Костры на берегу; Гамлет - принц датский; Запах подснежников [и др.] | |
| 333 | _a16+ | ||
| 686 | 2 | _aШ6(2=Баш)7-4 | |
| 700 | 1 |
_7ca _8rus _aГарипова _bТ. Х. _f1947- _gТансулпан Хизбулловна _9185423 _3RU\NLR\AUTH\770185474 |
|
| 942 | _cBOOK | ||
| 980 | _aNB | ||